| 000 | 00527nam a2200097Ia 4500 | ||
|---|---|---|---|
| 008 | 180130s9999 xx 000 0 und d | ||
| 245 |
_cNakamura, Kazuhiro; Shimazaki, Ryo; Yamamoto, Masatoshi; Takagi, Kazuyoshi; Takagi, Naofumi _aA VLSI architecture for output probability and likelihood score computations of HMM-based recognition systems |
||
| 260 | _c2015 | ||
| 300 | _aBook title: Embedded systems : high performance systems, applied principles and practice--Acession number C20720; pages 129-146 | ||
| 650 | _aEMBEDDED SYSTEMS | ||
| 999 |
_c353987 _d353987 |
||